MARC details
| 000 -LEADER |
| fixed length control field |
01255nam a22002057a 4500 |
| 003 - CONTROL NUMBER IDENTIFIER |
| control field |
BDDh-ASL |
| 005 - DATE AND TIME OF LATEST TRANSACTION |
| control field |
20231015031331.0 |
| 008 - FIXED-LENGTH DATA ELEMENTS--GENERAL INFORMATION |
| fixed length control field |
201028s2021 b ||||| |||| 00| 0 b d |
| 040 ## - CATALOGING SOURCE |
| Original cataloging agency |
BDDh-ASL |
| Transcribing agency |
BDDh-ASL |
| 041 ## - LANGUAGE CODE |
| Language code of text/sound track or separate title |
bengali |
| 082 ## - DEWEY DECIMAL CLASSIFICATION NUMBER |
| Classification number |
928 |
| Item number |
SHI |
| 245 10 - TITLE STATEMENT |
| Title |
শিল্পী শশিভূষণ পাল স্মারকগ্রন্থ / |
| 246 ## - VARYING FORM OF TITLE |
| Title proper/short title |
Shilpi Shoshibhushan Pal Sarokgrantha |
| 260 ## - PUBLICATION, DISTRIBUTION, ETC. |
| Place of publication, distribution, etc. |
ঢাকা: |
| Name of publisher, distributor, etc. |
খুলনা বিশ্ববিদ্যালয়, |
| Date of publication, distribution, etc. |
২০২১। |
| 300 ## - PHYSICAL DESCRIPTION |
| Extent |
১৯৯ পৃ. : |
| Dimensions |
২২ সে. মি. |
| Other physical details |
রঙিন ছবি; |
| 600 10 - SUBJECT ADDED ENTRY--PERSONAL NAME |
| Personal name |
কুদ্দুস, মোহাম্মদ আবদুল |
| 9 (RLIN) |
1308 |
| 650 #0 - SUBJECT ADDED ENTRY--TOPICAL TERM |
| Topical term or geographic name entry element |
Commemoration Volume (স্মারকগ্রন্থ), Memoirs, স্মারকগ্রন্থ, Smārakagrantha, Souvenir, স্মরণিক, স্মারকগ্রন্থ, স্মৃতিকথা, Smr̥tikathā, Memoirs, Reminiscences, স্মরণিকা, Smaraṇikā, Souvenir, স্যুভেনির, অভিজ্ঞান, Syubhēnira, so͞ovəˈnir, memorial, souvenir, remembrancer |
| 9 (RLIN) |
4668 |
| 700 1# - ADDED ENTRY--PERSONAL NAME |
| Personal name |
ভূঁঞা, মো. শেখ সাদী |
| Titles and other words associated with a name |
ভাস্কর |
| 9 (RLIN) |
8006 |
| 942 ## - ADDED ENTRY ELEMENTS (KOHA) |
| Source of classification or shelving scheme |
Dewey Decimal Classification |
| Koha item type |
Books |